00334nam a2200145Ia 4500008004000000041000800040082001500048100002000063245002700083260003900110650000700149650001100156650000900167650001200176210210b1980 xxu||||| |||| 00| 0 eng d aeng a907.2 RAVN aRAVINDRAN (T K) aNehrus idea of history aN DbLight & life publishersc1980 aof aNehrus aidea ahistory